On time! on track! on target! managing your projects successful with microsoft project / (Record no. 134896)

MARC details
000 -LEADER
fixed length control field 00854nam a22002657a 4500
003 - CONTROL NUMBER IDENTIFIER
control field dpl
005 - DATE AND TIME OF LATEST TRANSACTION
control field 20180827143608.0
008 - FIXED-LENGTH DATA ELEMENTS--GENERAL INFORMATION
fixed length control field 180827b xxu||||| |||| 00| 0 eng d
010 ## - LIBRARY OF CONGRESS CONTROL NUMBER
LC control number B-227951
020 ## - INTERNATIONAL STANDARD BOOK NUMBER
Terms of availability 325.00
International Standard Book Number 8120330072
035 ## - SYSTEM CONTROL NUMBER
System control number B-227951, B-227954
037 ## - SOURCE OF ACQUISITION
Source of stock number/acquisition Cen Lib/Ret
040 ## - CATALOGING SOURCE
Original cataloging agency DPL
Language of cataloging EN
Transcribing agency 0
082 ## - DEWEY DECIMAL CLASSIFICATION NUMBER
Classification number 005.133
Item number BIA
100 ## - MAIN ENTRY--PERSONAL NAME
Personal name Biafore, Bonnie
9 (RLIN) 2669
245 ## - TITLE STATEMENT
Title On time! on track! on target! managing your projects successful with microsoft project /
Statement of responsibility, etc by Bonnie Biafore
250 ## - EDITION STATEMENT
Edition statement 5th ed
260 ## - PUBLICATION, DISTRIBUTION, ETC. (IMPRINT)
Place of publication, distribution, etc New Delhi
Name of publisher, distributor, etc Prentice hall of India
Date of publication, distribution, etc 2006
270 ## - ADDRESS
City New Delhi
Address M-97, Connaught circus
Postal code 110001
300 ## - PHYSICAL DESCRIPTION
Extent xxii,373p.
Dimensions 23cm(pbk)
500 ## - GENERAL NOTE
General note Includes index
650 ## - SUBJECT ADDED ENTRY--TOPICAL TERM
Topical term or geographic name as entry element Project management
9 (RLIN) 21347
650 ## - SUBJECT ADDED ENTRY--TOPICAL TERM
Topical term or geographic name as entry element Microsoft project
General subdivision
9 (RLIN) 42094
942 ## - ADDED ENTRY ELEMENTS (KOHA)
Source of classification or shelving scheme Dewey Decimal Classification
Koha item type English Books
Classification part 005.133
Call number suffix BIA
Holdings
Withdrawn status Lost status Damaged status Not for loan Home library Current library Date acquired Source of acquisition Cost, normal purchase price Total Checkouts Full call number Barcode Date last seen Copy number Cost, replacement price Price effective from Koha item type Source of classification or shelving scheme Collection code
        Central Library Central Library 31/07/2015 Cen Lib/Ret 0.00   005.133 BIA B-227951 31/07/2015 1 0.00 31/07/2015 English Books    
        Shahdara Branch Shahdara Branch 27/08/2018 BPPD/PUB 325.00   005.133 BIA B-227954 27/08/2018   325.00 27/08/2018 English Books Dewey Decimal Classification Non-fiction

© Delhi Public Library
Hit Counter
free hit counter